01158nam a2200265Ia 450000100060000000300090000600800410001504000130005604000130006904100130008210000180009510000290011324000310014224000350017324500300020824500300023825000110026826000110027926000270029026000490031730000570036650004130042365000250083665000310086186855IT-RoPAU130308s9999 xx 000 0 und d aIT-RoPAU cIT-RoPAU aITALIANO aBeylie Claude gCodice Aut. SPICS: 9199 aFILMS-CLES DU CINEMA (LES) gCodice Tit. Orig. Spics: T1896 aCapolavori del cinema (I) bCapolavori del Cinema (I) a1a ed. aMILANO bVallardi A. - Garzanti c1990 [1° Ed.:1990 - Ed.Ling.Originale:1987] a"292 p. (prefazione: no ; testo: 292 [pagine: 0-0])" aFilm Chiave del Cinema Dai capolavori del muto Alle ultime tendenze Film che Hanno Fatto la Storia del Cinema scheda sintetica Con: Soggetto Analisi dell'Opera citazioni Critiche Dati tecnici Elenco del Cast Arte muta Anni di Gloria del Cinema Sonoro immagini di un Mondo che cambia nel dopoguerra Nouvelles Vagues Espressionismo Tedesco Film di Animazione Avanguardia neorealismo Italiano festival Cineteche aSCHEDE FILMOGRAFICHE eCodice materia Spics: 6814